Alf laylah wa-laylah.

Saved in:

Format: Book

Language: Arabic
English

Published: [Cairo : Maṭbaʻat al-taqaddum al-ʻilmīyah], 1325 [1907].

Subjects:

Tags: Add Tag

No Tags, Be the first to tag this record!

Call Number: PJ7711 .A2 v.1-4

LEADER 01315nam a2200277Ia 4500
003 OSt
005 20231026102313.0
008 130303s1907 ua 000 0 ara d
952 |0 0  |1 0  |2 lcc  |3 V.1  |4 0  |6 PJ7711 A2 V.00001-00004  |7 1  |9 51361  |a ARCE  |b ARCE  |d 2023-10-26  |l 0  |o PJ7711 .A2 v.1-4  |p 1030984  |r 2023-10-26 00:00:00  |w 2023-10-26  |y BK 
952 |0 0  |1 0  |2 lcc  |3 V.2  |4 0  |6 PJ7711 A2 V.00001-00004  |7 1  |9 63200  |a ARCE  |b ARCE  |d 2024-02-26  |l 0  |o PJ7711 .A2 v.1-4  |p 1030985  |r 2024-02-26 00:00:00  |w 2024-02-26  |y BK 
952 |0 0  |1 0  |2 lcc  |3 V.3  |4 0  |6 PJ7711 A2 V.00001-00004  |7 1  |9 63201  |a ARCE  |b ARCE  |d 2024-02-26  |l 0  |o PJ7711 .A2 v.1-4  |p 1030986  |r 2024-02-26 00:00:00  |w 2024-02-26  |y BK 
952 |0 0  |1 0  |2 lcc  |3 V.4  |4 0  |6 PJ7711 A2 V.00001-00004  |7 1  |9 63202  |a ARCE  |b ARCE  |d 2024-02-26  |l 0  |o PJ7711 .A2 v.1-4  |p 1030987  |r 2024-02-26 00:00:00  |w 2024-02-26  |y BK 
999 |c 26886  |d 26886 
040 |c ARCE Library 
041 1 |a ara  |h eng 
050 4 |a PJ7711 .A2 v.1-4 
130 0 |a Arabian nights.  |l Arabic 
245 1 0 |6 880-02  |a Alf laylah wa-laylah. 
246 3 |a Arabian nights. 
264 1 |a [Cairo :  |b Maṭbaʻat al-taqaddum al-ʻilmīyah],  |c 1325 [1907]. 
300 |a 4 volumes ;   |c 20 cm. 
500 |a Translation of : Arabian nights. 
650 0 |a Folk literature, Arabic. 
880 1 0 |6 245-02/(3/r  |a ألف ليلة و ليلة 
901 |a reviewed 
942 |c BK  |2 lcc